| 000 | 00361nam a22001337a 4500 | ||
|---|---|---|---|
| 003 | OSt | ||
| 082 | _bDEP/AN | ||
| 245 |
_aAnnual survey of industries 1982-83 _b: Kerala state |
||
| 260 |
_aTrivandrum _bDepartment of economics and statistics _c1982 |
||
| 300 | _a98p. | ||
| 500 | _aReceived as gratis from Dr.M Mohandas | ||
| 546 | _aEnglish | ||
| 942 |
_2ddc _cREP |
||
| 999 |
_c162540 _d162540 |
||